| 000 | 01425cam a2200349 a 4500 | ||
|---|---|---|---|
| 999 |
_c128256 _d128256 |
||
| 001 | 714967 | ||
| 003 | ARRUPE | ||
| 005 | 20180925103200.0 | ||
| 008 | 970322s1996 enkb b 001 0 eng | ||
| 010 | _a 97131168 | ||
| 020 | _a0851705103 | ||
| 020 | _a0851705111 (pbk) | ||
| 040 |
_aDLC _cDLC _dDLC |
||
| 050 | 0 | 0 |
_aPN1993.5.A35 _bA36 1996 |
| 082 | 0 | 0 |
_a791.43/096 _221 |
| 100 |
_aBakari, Imruh (ed.) _942544 |
||
| 245 | 0 | 0 |
_aAfrican experiences of cinema / _cedited by Imruh Bakari and Mbye B. Cham. |
| 260 |
_aLondon : _bBFI Pub., _c1996. |
||
| 300 |
_ax, 276 p. : _bmap ; _c24 cm. |
||
| 504 | _aIncludes bibliographical references (p. 262) and index. | ||
| 650 | 0 |
_aMotion pictures _zAfrica. _923010 |
|
| 700 | 1 |
_aCham, Mbye B. _eed. _942545 |
|
| 710 | 2 |
_aBritish Film Institute. _942546 |
|
| 856 | 4 | 2 |
_3Contributor biographical information _uhttp://www.loc.gov/catdir/bios/ucal053/97131168.html |
| 856 | 4 | 1 |
_3Table of contents _uhttp://www.loc.gov/catdir/toc/ucal041/97131168.html |
| 856 | 4 | 2 |
_3Publisher description _uhttp://www.loc.gov/catdir/description/ucal042/97131168.html |
| 856 | 4 | 2 |
_3Book review (H-Net) _uhttp://www.h-net.org/review/hrev-a0a6f5-aa |
| 906 |
_a7 _bcbc _corignew _d2 _encip _f19 _gy-gencatlg |
||
| 942 |
_2lcc _cMONOGRAPH |
||